Gears of War series - all enemy units - Statistics

General Stats
  • This quiz has been taken 128 times
  • The average score is 29 of 68
Answer Stats
Hint Answer % Correct
The COG DR-1
80%
Locust Horde Drone
80%
The Swarm Drone
80%
Locust Horde Sniper
72%
Locust Horde Boomer
69%
Locust Horde Wretch
69%
Locust Horde Corpser
65%
Locust Horde Brumak
61%
Locust Horde General Raam
60%
Locust Horde Kantus
60%
The Lambent Lambent Drone
55%
Locust Horde Grinder
53%
Locust Horde Queen Myrrah
53%
Locust Horde Skorge
52%
Locust Horde Ticker
52%
Locust Horde Theron Guard
51%
Locust Horde Beserker
49%
Locust Horde Reaver
49%
Locust Horde Reaver
49%
Locust Horde Mauler
47%
Locust Horde The Kryll
47%
The Swarm Juvie
45%
The Lambent Polyp
45%
The Swarm Scion
44%
UIR UIR Soldier
44%
Locust Horde Butcher
43%
The Lambent Drudge
43%
The Swarm Snatcher
43%
The Lambent Lambent Wretch
41%
New Hope Sires
41%
The Lambent Lambent Beserker
40%
Locust Horde Seeder
40%
The Swarm Swarmak
40%
Locust Horde Armoured Kantus
39%
The Lambent Lambent Brumak
39%
New Hope Matriarch
39%
Locust Horde Bloodmount
37%
The Swarm Leeches
37%
Locust Horde Palace Guard
37%
Locust Horde Riftworm
37%
The Swarm Carrier
36%
The Lambent Lambent Leviathan
36%
The Lambent Stalk
36%
The Lambent Gunker
35%
The Swarm Kraken
35%
The Swarm Pouncer
35%
Locust Horde Serapede
35%
The COG DeeBee Tracker
33%
The COG Guardian
33%
Locust Horde Hydra
33%
The COG DeeBee Shepherd
32%
The Swarm The Speaker
32%
The COG Kestrel
31%
The Lambent Lambent Humans
31%
The Swarm Reject
29%
Locust Horde Shrieker
29%
Locust Horde Siege Beast
29%
The Swarm Stump
29%
Locust Horde The Nemacyst
29%
Locust Horde Baby Corpser
28%
The COG Condor
28%
The Swarm Hive Beast
28%
Locust Horde Tempest
28%
The Swarm Warden
28%
The Swarm Juvie Poppers
25%
The Swarm Bastion
24%
Locust Horde Savage Corpser
24%
The Swarm Canker
23%
No matching quizzes found
Score Distribution
Percent of People with Each Score
Percentile by Number Answered
Your Score History
You have not taken this quiz